Historiografía y movimientos sociales en El Salvador (1811-1932): un balance preliminar /
সংরক্ষণ করুন:
| প্রধান লেখক: | |
|---|---|
| বিন্যাস: | পাঠ্য |
| ট্যাগগুলো: |
ট্যাগ যুক্ত করুন
কোনো ট্যাগ নেই, প্রথমজন হিসাবে ট্যাগ করুন!
|
MARC
| LEADER | 00000 a a2200000 04500 | ||
|---|---|---|---|
| 001 | 46970 | ||
| 003 | |||
| 040 | |||
| 100 | |a López Bernal, Carlos Gregorio | ||
| 245 | |a Historiografía y movimientos sociales en El Salvador (1811-1932): |b un balance preliminar / |c Carlos Gregorio López Bernal | ||
| 773 | |g número67, (2013), páginas 89-119 | ||
| 999 | |c 28928 |d 28928 | ||
